000 02515cam a2200373 a 4500
999 _c5211
_d5211
001 13463774
003 GZU
005 20210330101401.0
008 040121s2003 enka b 001 0 eng
010 _a 2004541030
020 _a0415261376
020 _a0415261384 (pbk.)
035 _a(OCoLC)ocm50654219
040 _aUk
_cUk
_dNHC
_dDLC
042 _alccopycat
043 _af------
_as------
_an------
050 0 0 _aP40.5
_bBLA 2003
082 0 0 _a306.44/089/96
_222
245 0 0 _aBlack linguistics :
_blanguage, society, and politics in Africa and the Americas /
_cedited by Sinfree Makoni ... [et al.] ; foreword by Ngũgĩ wa Thiongʼo.
260 _aLondon ;
_aNew York :
_bRoutledge,
_c2003.
300 _axii, 228 p. :
_bill. ;
_c24 cm.
500 _aErrata sheet laid in.
504 _aIncludes bibliographical references and index.
505 0 _aIdeologies of language and socially realistic linguistics / Donald Winford -- "We are the streets" : African American language and the strategic construction of a street conscious identity / H. Samy Alim -- Sound and power : the language of the Rastafari / Velma Pollard -- Promoting African languages as conveyors of knowledge in educational institutions / Zaline M. Roy-Campbell -- Language policies and language education in francophone Africa : a critique and a call to action / Hassana Alidou -- Contradiction or affirmation? The South African language policy and the South African national government / Nkhelebeni Phaswana -- From misinvention to disinvention of language : multilingualism and the South African constitution / Sinfree Makoni -- Linguistic profiling / John Baugh -- "Whassup, homeboy?" Joining the African Diaspora : black English as a symbolic site of identification and language learning / Awad el Karim M. Ibrahim -- US and South African teachers' developing perspectives on language and literacy : changing domestic and international roles of linguistic gate-keepers / Arnetha F. Ball.
650 0 _aBlacks
_xLanguages.
650 0 _aSociolinguistics
_zAfrica.
650 0 _aSociolinguistics
_zAmerica.
700 1 _aMakoni, Sinfree.
856 4 2 _3Publisher description
_uhttp://www.loc.gov/catdir/enhancements/fy0650/2004541030-d.html
856 4 2 _3Contributor biographical information
_uhttp://www.loc.gov/catdir/enhancements/fy1105/2004541030-b.html
906 _a7
_bcbc
_ccopycat
_d2
_encip
_f20
_gy-gencatlg
942 _2lcc
_cBK
_h40.5
_iBLA
_kP